000 01368nmm a2200457 a 4500
003 AR-X00000XY
005 20251128211916.0
008 147020s2003 ||||||||||||||000 | spa||
020 _a958-33-4267-X
040 _cAR-X00000XY
111 2 _aEncuentro para la promoción y difusión del patrimonio folclórico de los países andinos
_n3
_d2002
_cGranada, España
245 1 0 _aInfluencia y legado español en las culturas tradicionales de los Andes americanos
250 _a1ª ed.
260 _aBogotá
_bConvenio Andrés Bello
_c2003
300 0 _a415 p.
500 0 _aDonación de la Embajada de Colombia en Buenos Aires
650 4 _aCONFERENCIAS
650 4 _aCULTURAS DOMINANTES
650 4 _aCULTURAS LATINOAMERICANAS
650 4 _aINFLUENCIA CULTURAL
650 4 _aCULTURAS EUROPEAS
650 4 _aCOSTUMBRES Y TRADICIONES
650 4 _aRELIGION
650 4 _aVIDA COTIDIANA
650 4 _aINFLUENCIA SOCIAL
650 4 _aINTERCAMBIO CULTURAL
650 4 _aHISTORIA LATINOAMERICANA
650 4 _aCULTURAS SUDAMERICANAS
650 4 _aLITERATURA FOLKLORICA
650 4 _aFOLKLORE
650 4 _aASIMILACION CULTURAL
651 4 _aColombia
651 4 _aPerú
651 4 _aBolivia
651 4 _aEcuador
651 4 _aVenezuela
651 4 _aAmérica del Sur
653 0 _aCONGRESOS
942 _cBK
998 _cNancy
999 _c21574
_d21574